|
|
|
|
| LEADER |
01521cam a2200289 u 4500 |
| 001 |
10100100 |
| 003 |
GR-PaULI |
| 005 |
20250402110310.0 |
| 008 |
130128s1912 gr grc |
| 952 |
|
|
|0 0
|1 0
|2 ddc
|3 τ.1
|4 0
|6 185_000000000000000_ΑΡΙ
|7 0
|9 324141
|a LISP
|b LISP
|c DON
|d 2021-03-26
|e ΓΑΛ
|i 145592
|l 0
|o 185 ΑΡΙ
|p 025000271855
|r 2021-03-26 00:00:00
|t 1
|w 2021-03-26
|y BKN
|
| 952 |
|
|
|0 0
|1 0
|2 ddc
|3 τ.2
|4 0
|6 185_000000000000000_ΑΡΙ
|7 0
|9 328227
|a LISP
|b LISP
|c DON
|d 2021-09-07
|e ΓΑΛ
|i 142698
|l 0
|o 185 ΑΡΙ
|p 025000268904
|r 2021-09-07 00:00:00
|t 1
|v 2021.00
|w 2021-09-07
|y BKN
|
| 999 |
|
|
|c 182051
|d 182051
|
| 040 |
|
|
|a GR-PaULI
|c GR-PaULI
|b gre
|e AACR2
|
| 041 |
1 |
|
|a grc
|a gre
|
| 082 |
0 |
4 |
|a 185
|2 23
|
| 100 |
1 |
|
|a Αριστοτέλης,
|d 384 π.Χ.-322 π.Χ.
|4
|e συγγραφέας.
|9 10130
|
| 245 |
1 |
0 |
|a Μικρά φυσικά /
|b
|c Αριστοτέλους ; μετάφρασις Παύλου Γρατσιάτου.
|c
|
| 260 |
|
|
|a Εν Αθήναις ;
|b Φέξης,
|c 1912.
|
| 300 |
|
|
|a 1 τ. ;
|c 17 εκ.
|
| 490 |
1 |
|
|a Αρχαίων Ελλήνων Συγγραφέων (Φέξης)
|
| 500 |
|
|
|a τ. 1. - 88 σ. - 1912 --
|
| 600 |
1 |
0 |
|a Αριστοτέλης,
|d 384-322,
|x Μεταφράσεις στα Νέα Ελληνικά
|9 78934
|
| 650 |
|
4 |
|a Αριστοτελική φιλοσοφία
|9 2639
|
| 700 |
1 |
|
|9 183066
|a Γρατσιάτος, Παύλος
|e μεταφραστής.
|
| 830 |
|
0 |
|9 185796
|a Αρχαίων Ελλήνων Συγγραφέων (Φέξης)
|
| 942 |
|
|
|2 ddc
|c BKN
|
| 998 |
|
|
|c ΜΠΟΥΡΑΣ
|d 2021-03
|